| 000 | 00342nam a2200133Ia 4500 | ||
|---|---|---|---|
| 005 | 20251222154429.0 | ||
| 008 | 251222s9999||||xx |||||||||||||| ||spa|| | ||
| 020 | _a8425414660 | ||
| 082 | _a155.2/A53 | ||
| 100 | _aAmelang, Manfred | ||
| 245 | 0 | _aPsicología Diferencial e Investigación de la Personalidad | |
| 264 | _bHerder | ||
| 942 | _cLIB | ||
| 999 |
_c36361 _d36361 |
||